000 00901nam a2200265 a 4500
001 85877
003 BD-RjUL
005 20251021094307.0
008 251020r1975 ii a b 001 0 eng
035 _a(BD-RjUL)85877
040 _aDLC
_cDLC
_dDLC
_dBD-RjUL
_beng
041 _aeng
082 0 0 _a581.6340954
_bIND 1975
245 1 0 _aIndian medicinal plants /
_cedited B. D. Basu.
260 _aDehra Dun :
_bBishen Singh Mahendra Pal Singh,
_c1975
300 _a4 volumes :
_b1033 plates ;
_c29 cm.
500 _aIncludes index.
505 0 _aPlates, Part I from 1-267. Part II from 268-514. Part III from 515-779. Part iv from 780-1033.
650 0 _aMedicinal plants
_zIndia.
_9115017
650 0 _aMateria medica, Vegetable
_zIndia.
_9115347
700 1 _aBasu, Baman Das,
_d1867-1930,
_ejoint author.
_917208
942 _2ddc
_cBK
999 _c85877
_d85877